[Event "Barcelona Sant Marti op 11th"]
[Site "Barcelona"]
[Date "2024.02.08"]
[Round "5"]
[White "Arilla Santos, Eduardo"]
[Black "Villa Cardenas, Jorge"]
[Result "1-0"]
[WhiteElo "1840"]
[BlackElo "1534"]
[PlyCount "77"]
[EventDate "2024.01.11"]
[EventType "swiss"]
[EventRounds "9"]
[EventCountry "ESP"]
[SourceTitle "CB11_2024"]
[SourceDate "2024.03.13"]
[SourceVersion "1"]
[SourceVersionDate "2024.03.13"]
[SourceQuality "1"]

1. e4 e5 2. Nf3 Nc6 3. Bc4 Bc5 4. b4 Be7 5. 0-0 d6 6. c3 Nf6 7. Qb3 0-0 8. Ng5 Qe8 9. d3 h6 10. Nf3 a6 11. a4 Nd8 12. Nbd2 Ne6 13. d4 exd4 14. cxd4 c6 15. Bb2 Nf4 16. d5 b5 17. axb5 cxb5 18. Bd3 Nxd3 19. Qxd3 Ng4 20. Rfe1 Bf6 21. Bxf6 gxf6 22. Nd4 Qe5 23. N2f3 Qe8 24. Nxb5 Ne5 25. Nxe5 Qxe5 26. Nd4 Kh7 27. Nc6 Qg5 28. Re3 f5 29. Rg3 Qf6 30. Re1 fxe4 31. Qxe4+ Bf5 32. Qd4 Rfe8 33. Rge3 Rxe3 34. Rxe3 Qg5 35. h4 Qh5 36. Rg3 Bg6 37. Ne7 Rf8 38. Qf6 Qe5 39. Rxg6 1-0

[Event "Barcelona Sants op-B 11th"]
[Site "Barcelona"]
[Date "2009.07.15"]
[Round "3"]
[White "Arilla Santos, Eduardo"]
[Black "Tortosa Moros, Joan"]
[Result "0-1"]
[WhiteElo "1915"]
[BlackElo "1794"]
[PlyCount "62"]
[EventDate "2009.07.13"]
[EventType "swiss"]
[EventRounds "9"]
[EventCountry "ESP"]
[SourceTitle "EXT 2011"]
[Source "ChessBase"]
[SourceDate "2010.11.26"]
[SourceVersion "1"]
[SourceVersionDate "2010.11.26"]
[SourceQuality "1"]

1. e4 c5 2. Nf3 Nc6 3. d4 cxd4 4. Nxd4 g6 5. Nc3 Bg7 6. Be3 Nf6 7. f3 0-0 8. Qd2 d5 9. Nxc6 bxc6 10. exd5 cxd5 11. Bb5 Bb7 12. 0-0 a6 13. Ba4 Rc8 14. Rad1 Qa5 15. Bb3 Rfd8 16. Bd4 Qc7 17. Bxf6 Bxf6 18. Nxd5 Bxd5 19. Bxd5 e6 20. Qe2 exd5 21. Qxa6 Bxb2 22. Rd2 Ra8 23. Qb5 Rxa2 24. c4 Qa7+ 25. c5 Bg7 26. Rxa2 Qxa2 27. Qb6 Bd4+ 28. Kh1 Qa8 29. Qb4 Be5 30. Re1 Bc7 31. Qd4 Qa6 0-1

[Event "Barcelona Sant Marti op 05th"]
[Site "Barcelona"]
[Date "2003.05.17"]
[Round "4.27"]
[White "Arilla Santos, Eduardo"]
[Black "Sanchez Guerrero, Cesar"]
[Result "1/2-1/2"]
[WhiteElo "1880"]
[BlackElo "2045"]
[PlyCount "115"]
[EventDate "2003.04.26"]
[EventType "swiss"]
[EventRounds "9"]
[EventCountry "ESP"]
[SourceTitle "EXT 2004"]
[Source "ChessBase"]
[SourceDate "2003.11.25"]
[SourceVersion "1"]
[SourceVersionDate "2003.11.25"]
[SourceQuality "1"]

1. e4 e5 2. f4 d5 3. exd5 c6 4. Nf3 exf4 5. d4 Bd6 6. Be2 Ne7 7. b3 Nxd5 8. 0-0 0-0 9. c4 Ne7 10. Nc3 Bg4 11. Ng5 Bxe2 12. Qxe2 Ng6 13. Nce4 Be7 14. Qh5 Qxd4+ 15. Kh1 h6 16. Rb1 hxg5 17. Nxg5 Bxg5 18. Qxg5 Qe5 19. Qg4 Qe6 20. Qg5 Nd7 21. Bb2 Nde5 22. Rbe1 f6 23. Qxg6 Nxg6 24. Rxe6 Rae8 25. Ree1 Kf7 26. Kg1 Ne5 27. Ba3 Rh8 28. Rd1 g5 29. Rd6 Rd8 30. Rfd1 Rxd6 31. Rxd6 Re8 32. h3 Re7 33. Bb2 Re6 34. Rd2 Ke8 35. Kf2 Re7 36. Rd6 Kf7 37. Bd4 a6 38. Bc3 Kg6 39. Bxe5 Rxe5 40. Rd7 b5 41. Ra7 bxc4 42. bxc4 Ra5 43. a3 Rxa3 44. Rc7 a5 45. Rxc6 a4 46. c5 Kf7 47. Ra6 Ra2+ 48. Kf3 a3 49. c6 Rc2 50. Rxa3 Rxc6 51. g3 fxg3 52. Kxg3 Kg6 53. Rf3 Rb6 54. Kg4 Rb4+ 55. Kg3 f5 56. Rc3 Kh5 57. Rd3 f4+ 58. Kf3 1/2-1/2

[Event "Barcelona Sant Marti op 05th"]
[Site "Barcelona"]
[Date "2003.05.10"]
[Round "3.13"]
[White "Zapata Rios, Juan Jose"]
[Black "Arilla Santos, Eduardo"]
[Result "1-0"]
[WhiteElo "2005"]
[BlackElo "1825"]
[PlyCount "65"]
[EventDate "2003.04.26"]
[EventType "swiss"]
[EventRounds "9"]
[EventCountry "ESP"]
[SourceTitle "EXT 2004"]
[Source "ChessBase"]
[SourceDate "2003.11.25"]
[SourceVersion "1"]
[SourceVersionDate "2003.11.25"]
[SourceQuality "1"]

1. e4 e5 2. Nf3 Nc6 3. d4 exd4 4. Bc4 Be7 5. c3 d6 6. cxd4 Nf6 7. Nc3 Bg4 8. Be3 h6 9. h3 Bh5 10. Qd2 Bxf3 11. gxf3 Nh7 12. f4 0-0 13. 0-0-0 a6 14. f5 Na5 15. Bd3 c6 16. e5 dxe5 17. dxe5 Bg5 18. f4 Bh4 19. Qg2 Qe7 20. Rhg1 Ng5 21. Ne4 f6 22. Bc5 Qf7 23. e6 Qc7 24. Bd6 Qb6 25. fxg5 hxg5 26. Bxf8 Rxf8 27. Qc2 Qe3+ 28. Kb1 b5 29. Nc5 Bf2 30. Rgf1 Qxc5 31. Rxf2 Qe7 32. Rc1 Rc8 33. Qc5 1-0

[Event "Barcelona Sant Marti op 05th"]
[Site "Barcelona"]
[Date "2003.04.26"]
[Round "1.9"]
[White "Garreta Martinez, Albert"]
[Black "Arilla Santos, Eduardo"]
[Result "1/2-1/2"]
[WhiteElo "2090"]
[BlackElo "1825"]
[PlyCount "60"]
[EventDate "2003.04.26"]
[EventType "swiss"]
[EventRounds "9"]
[EventCountry "ESP"]
[SourceTitle "EXT 2004"]
[Source "ChessBase"]
[SourceDate "2003.11.25"]
[SourceVersion "1"]
[SourceVersionDate "2003.11.25"]
[SourceQuality "1"]

1. c4 e6 2. b3 d5 3. Bb2 c5 4. Nf3 Nc6 5. g3 d4 6. d3 Nf6 7. Bg2 Bd6 8. 0-0 0-0 9. e3 e5 10. exd4 exd4 11. a3 a5 12. Qc2 Bg4 13. Nbd2 Qd7 14. Ne4 Nxe4 15. dxe4 Bh3 16. Ng5 Bxg2 17. Kxg2 Ne5 18. f4 Ng4 19. Bc1 Be7 20. h3 Ne3+ 21. Bxe3 dxe3 22. Rad1 Qc6 23. Nf3 a4 24. Rd5 axb3 25. Qxb3 Qa4 26. Rb1 Qxa3 27. Qxa3 Rxa3 28. Ne1 Ra2+ 29. Kf3 e2 30. Rxb7 Re8 1/2-1/2